000
00474nam a2200181Ia 4500
008
090124s9999 xx 000 0 und d
082
_b
128551
100
_a
नरवणे सुधा
245
_a
लामणदिवा
250
_a
1
260
_c
1998
300
_a
176
600
_a
नरवणे सुधा
630
_a
लामणदिवा
700
_a
नरवणे सुधा
730
_a
लामणदिवा
942
_c
BOOK
999
_c
174640
_d
174640